000 00578nam a22001937a 4500
005 20251108175926.0
008 250721s2021 xx 000 0 ara d
082 1 4 _aط/372.3/بار
100 1 _aديركي، ريبع
_eمشرف
245 1 0 _aرحلة عبر الفصول الاربعة /
264 1 _aدمشق :
_bبيت الحكمة،
_c2021.
300 _a32ص.
650 1 7 _aالعلوم
650 1 7 _aالفصول الاربعة
653 _aاطفال مرحلة متوسطة (6-9)سنوات
700 1 _abarnham، kay
942 _2ddc
_cBK
999 _c145675
_d145675